[Event "Mechanics' SummerTNM; 30/90, SD/30"]
[Site "San Francisco"]
[Date "2014.06.03"]
[Round "2.9"]
[White "Doyle, Bryon"]
[Black "Flores, David"]
[Result "1-0"]
[WhiteElo "2056"]
[BlackElo "1732"]
[PlyCount "93"]
[EventDate "2014.??.??"]

1. e4 g6 2. d4 Bg7 3. Nc3 d6 4. f4 Nc6 5. d5 Nd4 6. Be3 c5 7. dxc6 Nxc6 8. Nf3
Nf6 9. Bd3 O-O 10. O-O Ng4 11. Bd2 Qb6+ 12. Kh1 Nf2+ 13. Rxf2 Qxf2 14. Nd5 Qc5
15. b4 Nxb4 16. Bxb4 Qf2 17. Rb1 Bg4 18. Nxe7+ Kh8 19. h3 Bxf3 20. Qxf3 Qh4 21.
Nd5 Qd8 22. f5 Be5 23. f6 Rc8 24. Rf1 Qd7 25. Qe3 Qa4 26. Qh6 Rg8 27. Bd2 Rce8
28. Bf4 Qd4 29. Bxe5 Qxe5 30. Ne7 Rxe7 31. fxe7 Qxe7 32. Qf4 Rg7 33. Qf6 Qc7
34. Qd4 a6 35. Rf6 Qa5 36. Rxd6 Qe1+ 37. Kh2 h5 38. Rf6 Kh7 39. Qf2 Qa5 40.
Rxf7 Qe5+ 41. Qf4 Qa5 42. Rxg7+ Kxg7 43. e5 Qd8 44. e6 Qe7 45. Bc4 b5 46. Bb3
a5 47. Qe5+ 1-0

[Event "Mechanics' SummerTNM; 30/90, SD/30"]
[Site "San Francisco"]
[Date "2014.06.24"]
[Round "5.10"]
[White "Doyle, Bryon"]
[Black "Hakobyan, Sos"]
[Result "0-1"]
[WhiteElo "2056"]
[BlackElo "1788"]
[PlyCount "112"]
[EventDate "2014.??.??"]

1. e4 e6 2. d4 d5 3. Nc3 Nf6 4. Bg5 Be7 5. e5 Nfd7 6. h4 Bxg5 7. hxg5 Qxg5 8.
Nh3 Qe7 9. Nf4 Nc6 10. Qg4 g6 11. O-O-O h5 12. Qg3 Nb6 13. Bd3 h4 14. Qg4 Nb4
15. Be2 Bd7 16. g3 Na4 17. Nb5 O-O-O 18. a3 Na2+ 19. Kb1 Bxb5 20. Kxa2 Bxe2 21.
Qxe2 hxg3 22. fxg3 Kb8 23. Qb5 Nb6 24. Nd3 a6 25. Qb3 Qd7 26. Rhf1 Rh7 27. Rf6
Qa4 28. Qxa4 Nxa4 29. Rdf1 Rd7 30. Kb3 Nb6 31. Kc3 Nc4 32. R1f3 b6 33. g4 Ka7
34. g5 Na5 35. a4 Nb7 36. b4 c6 37. Nf2 c5 38. Ng4 cxd4+ 39. Kxd4 Rh4 40. R6f4
Rc7 41. Ne3 Rxf4+ 42. Rxf4 b5 43. axb5 axb5 44. Ng4 Rxc2 45. Rxf7 Rc4+ 46. Ke3
Rxg4 47. Rf6 Re4+ 48. Kd3 Rxe5 49. Rxg6 Nd6 50. Kd4 Re4+ 51. Kc5 Nf5 52. Kxb5
d4 53. Rf6 d3 54. Rf7+ Kb8 55. Kc6 Rc4+ 56. Kb5 Nd6+ 0-1

[Event "Mechanics' Spring TNM; 30/90, SD/30"]
[Site "San Francisco"]
[Date "2014.03.18"]
[Round "1.8"]
[White "Doyle, Bryon"]
[Black "Louie, Henry"]
[Result "1-0"]
[WhiteElo "2064"]
[BlackElo "1475"]
[PlyCount "57"]
[EventDate "2014.??.??"]

1. e4 e5 2. Nf3 Nc6 3. Bc4 Nf6 4. d4 Na5 5. Bxf7+ Kxf7 6. dxe5 Nc6 7. exf6 gxf6
8. Qd5+ Kg7 9. Qh5 h6 10. Nh4 Rh7 11. Qg4+ Kh8 12. Ng6+ Kg7 13. Ne7+ Kf7 14.
Qg8+ Kxe7 15. Qxh7+ Ke8 16. Qg6+ Ke7 17. Nc3 Ne5 18. Nd5+ Ke6 19. Qg8+ Nf7 20.
Qg4+ Kd6 21. Bf4+ Ne5 22. O-O-O Kc6 23. Qh4 d6 24. Bxe5 Be6 25. Bxf6 Qe8 26.
Qg3 Rc8 27. Qc3+ Kd7 28. Bh4 Bxd5 29. exd5 1-0

[Event "Mechanics' Spring TNM; 30/90, SD/30"]
[Site "San Francisco"]
[Date "2014.04.01"]
[Round "3.1"]
[White "Doyle, Bryon"]
[Black "Manvelyan, Hayk"]
[Result "0-1"]
[WhiteElo "2064"]
[BlackElo "2354"]
[Annotator "Donaldson"]
[PlyCount "52"]
[EventDate "2014.??.??"]

1. e4 c5 2. Nf3 e6 3. d4 cxd4 4. Nxd4 Nf6 5. Nc3 d6 6. Bc4 Be7 7. Bb3 Nc6 8.
O-O O-O 9. f4 Bd7 10. Kh1 Nxd4 11. Qxd4 Bc6 12. f5 Qd7 13. fxe6 fxe6 14. Bg5
Kh8 15. Rae1 Ng4 16. Bxe7 Qxe7 17. h3 e5 18. Qd2 Nf6 19. Qe2 Rad8 20. Rf2 g6
21. g4 $4 {Diagram #} (21. Qe3 $14) 21... Nxe4 $1 22. Rxf8+ Rxf8 23. Nxe4 Qh4
24. Kg1 Bxe4 25. Qxe4 Qg3+ 26. Kh1 Rf2 0-1

[Event "Mechanics' Fall TNM; 30/90, SD/30"]
[Site "San Francisco"]
[Date "2014.10.28"]
[Round "2.13"]
[White "Doyle, Bryon"]
[Black "Newey, Richard"]
[Result "1-0"]
[WhiteElo "2099"]
[BlackElo "1747"]
[Annotator "Donaldson"]
[PlyCount "57"]
[EventDate "2014.??.??"]

1. e4 d5 2. exd5 Qxd5 3. Nc3 Qd8 4. Bc4 e6 5. Nf3 Nf6 6. O-O c5 7. Re1 Be7 8.
d3 O-O 9. Bf4 Nc6 10. Qe2 Nd4 11. Nxd4 Qxd4 12. Be5 Qd8 13. Rad1 Bd7 14. d4 Qe8
15. dxc5 a6 16. Bd3 h6 17. Ne4 Nxe4 18. Qxe4 f5 19. Qxb7 Bc6 20. Qb3 Qg6 21.
Bg3 Bd5 22. Bc4 Rab8 {Diagram #} 23. Bxd5 (23. Rxe6 {also works.}) 23... Rxb3
24. Rxe6 Rf7 25. Rxg6 Rxb2 26. Be5 Bf6 27. Bxf6 Rxc2 28. Rxg7+ Kf8 29. Rxf7+
1-0

[Event "Mechanics' SummerTNM; 30/90, SD/30"]
[Site "San Francisco"]
[Date "2014.07.01"]
[Round "6.14"]
[White "Doyle, Bryon"]
[Black "Reyes, Robert"]
[Result "1-0"]
[WhiteElo "2056"]
[BlackElo "1383"]
[Annotator "Donaldson"]
[PlyCount "105"]
[EventDate "2014.??.??"]

1. e4 e6 2. d4 d5 3. Nc3 Nf6 4. Bg5 dxe4 5. Nxe4 Be7 6. Bxf6 Bxf6 7. c3 Nd7 8.
Nf3 b6 9. Bd3 Bb7 10. O-O O-O 11. Qe2 Re8 (11... c5 $1) 12. Nxf6+ Qxf6 13. Ne5
Nxe5 14. dxe5 Qg5 (14... Qf4) 15. f4 Qe7 16. Rae1 Rad8 17. f5 exf5 18. Rxf5 g6
19. Rf2 Qd7 20. Bb5 Bc6 21. Bxc6 Qxc6 22. Qf3 Qxf3 23. gxf3 f6 24. f4 fxe5 25.
fxe5 Rf8 26. Ree2 Rxf2 27. Kxf2 Kf7 28. Kf3 Ke6 29. Ke4 Rd5 30. Kf4 h6 31. b3
g5+ 32. Kg4 Rxe5 33. Rxe5+ Kxe5 34. Kh5 Kf5 35. Kxh6 g4 36. Kh5 Kf4 37. Kh4 a5
38. c4 c6 39. a3 b5 40. c5 b4 41. a4 Kf3 $4 (41... Kf5) 42. Kg5 Ke3 43. Kxg4
Kd3 44. h4 Kc3 45. h5 Kxb3 46. h6 Kxa4 47. h7 b3 48. h8=Q Kb4 49. Qd4+ Kb5 50.
Qb2 Kxc5 51. Qxb3 Kd6 52. Qa4 c5 53. Qxa5 1-0

[Event "Mechanics' Fall TNM; 30/90, SD/30"]
[Site "San Francisco"]
[Date "2014.11.04"]
[Round "3.4"]
[White "Doyle, Bryon"]
[Black "Vickers, Keith"]
[Result "1-0"]
[WhiteElo "2099"]
[BlackElo "2200"]
[Annotator "Donaldson"]
[PlyCount "81"]
[EventDate "2014.??.??"]

1. e4 d5 2. exd5 Qxd5 3. Nc3 Qa5 4. d4 Nf6 5. Nf3 c6 6. Bc4 Bf5 7. Bd2 e6 8.
Nd5 Qd8 9. Nxf6+ gxf6 10. Qe2 Bxc2 11. O-O Bg6 12. Rfe1 Be7 {Diagram #} 13.
Bxe6 $1 {A computer might be able to defend against this sacrifice, but a
human will be hard-pressed.} fxe6 14. Qxe6 Rf8 15. Bb4 Rf7 16. Bxe7 Rxe7 17.
Qxf6 Nd7 $2 {Natural but losing. Black had to play} (17... Kd7) 18. Qh8+ Nf8
19. Rxe7+ Kxe7 20. Qg7+ Kd6 21. Re1 Nd7 22. Ne5 Nxe5 23. dxe5+ Ke6 24. Qxb7 Qc8
25. Qb3+ Ke7 26. Qb4+ c5 27. Qh4+ Ke8 28. Qf6 Qd8 29. Qc6+ Kf7 30. e6+ Kg8 31.
e7 Qc8 32. Qd5+ Kg7 33. e8=Q Bxe8 34. Re7+ Kf8 35. Qd6 Kg8 36. Qd5+ Kf8 37.
Rxh7 Qc6 38. Qe5 Qg6 39. Qh8+ Qg8 40. Qf6+ Bf7 41. Rh8 1-0

[Event "Mechanics' Fall TNM; 30/90, SD/30"]
[Site "San Francisco"]
[Date "2014.12.09"]
[Round "7.6"]
[White "Doyle, Bryon"]
[Black "Winslow, Elliott"]
[Result "0-1"]
[WhiteElo "2099"]
[BlackElo "2262"]
[Annotator "Winslow"]
[PlyCount "66"]
[EventDate "2014.??.??"]

1. e4 c5 2. Nf3 e6 3. d4 cxd4 4. Nxd4 Nc6 5. Nc3 Qc7 6. g3 a6 7. Bg2 Nf6 8. O-O
Nxd4 (8... d6 9. Re1 Be7 (9... Rb8 10. Nxc6 bxc6 11. e5 dxe5 12. Rxe5 Qxe5 13.
Bf4 $14) 10. Nxc6 bxc6 11. e5 dxe5 12. Rxe5 $14) 9. Qxd4 Bc5 10. Bf4 d6 (10...
Bxd4 11. Bxc7 $14) 11. Qd2 (11. Qd3 $5) 11... h6 12. Rad1 e5 13. Be3 Ke7 $5 (
13... Bxe3 $2 14. fxe3 Ke7 $4 15. Rxf6 $18 {[%cal Rc3d5]}) 14. f4 $6 Be6 15.
fxe5 (15. f5 Bc4 16. Rfe1 Ng4) 15... dxe5 16. Nd5+ Bxd5 17. exd5 Rhd8 18. Kh1 (
18. c4 $1) 18... Rd6 $2 (18... Bxe3 19. Qxe3 Kf8 $14) 19. c4 $16 (19. Rde1 $16)
(19. Bxc5 Qxc5 20. Rde1) (19. Qc3 $1 $18 Nd7 20. b4 Bb6 21. Qxc7 Bxc7 22. c4)
19... Kf8 20. Rc1 (20. Bxh6 $5 gxh6 21. Qxh6+ (21. b4) 21... Ke7 22. Qg5 Bd4
23. b4 $1 (23. Rxd4 exd4 24. Qe5+ Kf8 25. Rxf6 Re8 $11) 23... Qxc4 24. Rxf6
Rxf6 25. d6+) 20... a5 21. a3 a4 22. Bxh6 (22. Rf5 $5) 22... gxh6 23. Qxh6+ Ke7
24. Qg5 (24. Rf5) (24. Qh4) (24. Rce1) 24... Rb6 25. Rfe1 (25. Rce1 Bd4 26. Qh4
) 25... Rg8 26. Rxe5+ Kd8 27. Qf5 Qd7 $1 {
I thought I had blundered during the game!} (27... Ng4 28. d6 $1 {
[] which *here* I had overlooked!} Bxd6 29. Ra5 {
This I had definitely overlooked!!} Ra6 30. Rxa6 bxa6 31. c5 Be5 32. c6 Bd6 $11
(32... Ke7 33. Bf3 (33. Re1 Kf8) 33... Nf2+ 34. Kg2 Nd3 35. Qxd3 Bxg3 36. Qe2+
Kf8 37. Kh1 Rh8 38. Bh5 Bf4 39. Rc4)) 28. Qf1 $6 (28. d6 Qxf5 29. Rxf5 Nd7 {
I saw it at one point, but I forgot} 30. Rxf7 (30. Rc2 f6) 30... Rg6 $17) 28...
Ng4 29. Rf5 (29. Bh3 Rxb2 30. Re2 Rxe2 31. Qxe2 Bxa3) 29... Ne3 (29... Nxh2 {
is even better!} 30. Qf4 (30. Kxh2 Rh6+ 31. Bh3 Rgh8) 30... Rh8 31. Qe5 f6 32.
Rh5 fxe5 33. Rxh8+ Kc7) 30. Rxf7 Nxf1 31. Rxd7+ Kxd7 32. Rxf1 Rxb2 33. Bh3+ Kd8
0-1

[Event "Mechanics' Spring TNM; 30/90, SD/30"]
[Site "San Francisco"]
[Date "2014.04.29"]
[Round "7.2"]
[White "Doyle, Bryon"]
[Black "Winslow, Elliott"]
[Result "1/2-1/2"]
[WhiteElo "2064"]
[BlackElo "2250"]
[PlyCount "39"]
[EventDate "2014.??.??"]

1. e4 c5 2. Nf3 Nc6 3. d4 cxd4 4. Nxd4 Nf6 5. Nc3 e5 6. Ndb5 d6 7. Bg5 a6 8.
Na3 b5 9. Bxf6 gxf6 10. Nd5 Bg7 11. c4 b4 12. Nc2 Rb8 13. Nce3 Nd4 14. Bd3 O-O
15. O-O Re8 16. f4 f5 17. Qh5 fxe4 18. Bxe4 f5 19. Nxf5 Nxf5 20. Bxf5 1/2-1/2

[Event "Mechanics' Fall TNM; 30/90, SD/30"]
[Site "San Francisco"]
[Date "2014.12.02"]
[Round "6.2"]
[White "Doyle, Bryon"]
[Black "Wong, Russell"]
[Result "0-1"]
[WhiteElo "2099"]
[BlackElo "2200"]
[Annotator "Donaldson"]
[PlyCount "74"]
[EventDate "2014.??.??"]

1. e4 Nf6 2. Nc3 d5 3. e5 Nfd7 4. e6 fxe6 5. d4 c5 6. Nf3 c4 7. Bf4 g6 8. h4
Bg7 9. h5 Nc6 10. Qd2 Qa5 11. g4 e5 12. dxe5 Ndxe5 13. Nxe5 Nxe5 14. Bxe5 Bxe5
15. hxg6 Bxg4 16. f4 hxg6 17. fxe5 Rxh1 18. Qg2 Rh4 19. Be2 Bf5 20. O-O-O e6
21. Qg5 Qd8 22. Qg2 Qe7 23. Nb5 O-O-O 24. Qf2 b6 25. Nxa7+ Qxa7 26. Qxh4 Qxa2
27. Qd4 Qa1+ 28. Kd2 Qa4 29. b3 Qa5+ 30. Ke3 Bxc2 31. Ra1 Qc5 32. bxc4 Qxd4+
33. Kxd4 dxc4+ 34. Kxc4 Be4 35. Bg4 Bd5+ 36. Kb5 Kb7 37. Rf1 Rc8 {
Black won in a few moves. Both scoresheets are unreadable from this point on.}
0-1

[Event "Mechanics' Fall TNM; 30/90, SD/30"]
[Site "San Francisco"]
[Date "2014.12.09"]
[Round "7.17"]
[White "Drane, Robert"]
[Black "Gerwin, Gene"]
[Result "0-1"]
[WhiteElo "1869"]
[BlackElo "1906"]
[PlyCount "106"]
[EventDate "2014.??.??"]

1. e4 d6 2. d4 Nf6 3. Nc3 e5 4. dxe5 dxe5 5. Qxd8+ Kxd8 6. Bg5 Be6 7. Nf3 Bd6
8. O-O-O Nbd7 9. Nb5 Ke7 10. Nxd6 cxd6 11. Bh4 Rhc8 12. Kb1 h6 13. Nd2 g5 14.
Bg3 Nh5 15. f3 f5 16. Bd3 f4 17. Bf2 Nhf6 18. g3 h5 19. b3 g4 20. gxf4 exf4 21.
Rhe1 gxf3 22. Bc4 Ne5 23. Bxe6 Kxe6 24. Bh4 Nfg4 25. Nf1 Rc3 26. Rd2 Ne3 27.
Bg5 Nf7 28. Nxe3 fxe3 29. Rxe3 Rxe3 30. Bxe3 Rg8 31. Rf2 Ne5 32. Bd4 Rg2 33.
Rf1 Nc6 34. Be3 Ke5 35. Rxf3 Rxh2 36. Rf7 Kxe4 37. Bg5 b5 38. Rc7 Kd5 39. Rd7
Ke6 40. Rxd6+ Kxd6 41. Bf4+ Kd5 42. Bxh2 h4 43. Kc1 Ne5 44. Kd1 Nf3 45. Bb8 h3
46. Ke2 h2 47. Bxh2 Nxh2 48. Kd3 Kc5 49. a3 Ng4 50. Kc3 Ne5 51. Kd2 b4 52. a4
Kd4 53. Ke2 Kc3 0-1

[Event "Mechanics' Whitehead TNM; 30/90, SD/30"]
[Site "San Francisco"]
[Date "2014.09.30"]
[Round "9.20"]
[White "Drane, Robert"]
[Black "Handler, Andrew"]
[Result "0-1"]
[WhiteElo "1869"]
[BlackElo "1652"]
[Annotator "Donaldson"]
[PlyCount "98"]
[EventDate "2014.??.??"]

1. Nf3 f5 2. d4 Nf6 3. c4 e6 4. Nc3 Bb4 5. g3 Bxc3+ 6. bxc3 O-O 7. Bg2 d6 8.
O-O Nc6 9. Ba3 Ne4 10. Qc2 Na5 11. Qd3 Qe8 12. Bb4 Nc6 13. Nd2 Nxb4 14. cxb4
Nxd2 15. Qxd2 e5 16. dxe5 Qxe5 17. Qd5+ Kh8 18. e4 f4 19. Qxe5 dxe5 20. Rfd1
Be6 21. c5 Rad8 22. f3 g5 23. g4 Kg7 24. Bf1 Kf7 25. Bd3 Rd4 26. Rab1 Rfd8 27.
Bc2 Rxd1+ 28. Rxd1 Rxd1+ 29. Bxd1 Bxa2 30. Be2 Ke7 31. Kf2 b6 32. cxb6 cxb6 33.
Ke1 Kd6 34. Kd2 Kc6 35. Kc3 b5 36. Bd3 Kb6 37. Be2 a5 38. Bd3 a4 39. Be2 a3 40.
Bd1 Bc4 41. Kc2 a2 42. Kb2 h6 43. Ka1 Kc6 44. Kb2 Kd6 45. Ka1 Ke6 46. Kb2 Kf6
47. Ka1 Kg6 48. Kb2 h5 49. h3 h4 {
...Bf1, ...Bxh3 and the h-pawn is unstoppable.} 0-1

[Event "Mechanics' Whitehead TNM; 30/90, SD/30"]
[Site "San Francisco"]
[Date "2014.09.02"]
[Round "5.20"]
[White "Drane, Robert"]
[Black "Hood, Bryan"]
[Result "1/2-1/2"]
[WhiteElo "1869"]
[BlackElo "1258"]
[Annotator "Donaldson"]
[PlyCount "50"]
[EventDate "2014.??.??"]

1. e4 e5 2. Bc4 c6 3. Nc3 b5 4. Bb3 b4 5. Nce2 d5 6. exd5 cxd5 7. d4 e4 8. c4
bxc3 9. Nxc3 Nf6 $2 (9... Bb4 {and ...Nge7. Now Black's d5 pawn becomes weak.})
10. Bg5 $16 Bb7 $2 11. Nge2 (11. Bxf6 Qxf6 12. Nxd5 {is also strong.}) 11...
Be7 12. Bxf6 Bxf6 13. Nf4 Nc6 (13... O-O) 14. Bxd5 Bxd4 $2 {Diagram #} (14...
O-O) 15. Bxf7+ $1 Kxf7 16. Qb3+ Ke8 17. Qxb7 Rc8 18. Ne6 Bxf2+ 19. Kxf2 Qf6+
20. Ke3 $2 (20. Ke1 Qxe6 21. Nb5 $18) 20... Qxe6 21. Nxe4 $2 (21. Rad1 {
was still much better for White. Now Black grabs his second chance.}) 21...
Qh6+ 22. Ke2 Rd8 $1 23. Rad1 Qh5+ 24. Ke3 Qh6+ 25. Ke2 Qh5+ 1/2-1/2

[Event "Mechanics' Fall TNM; 30/90, SD/30"]
[Site "San Francisco"]
[Date "2014.10.28"]
[Round "2.21"]
[White "Drane, Robert"]
[Black "James, Charles"]
[Result "1-0"]
[WhiteElo "1869"]
[BlackElo "1542"]
[PlyCount "29"]
[EventDate "2014.??.??"]

1. e4 e6 2. d4 d5 3. Nc3 Nf6 4. e5 Nfd7 5. f4 c5 6. Nf3 Qb6 7. Be3 Qxb2 8. Nb5
Na6 9. Be2 c4 10. a4 Qb4+ 11. Bd2 Qe7 12. Nd6+ Kd8 13. Ng5 Kc7 14. Ngxf7 Rg8
15. O-O 1-0

[Event "Mechanics' Winter TNM; 30/90, SD/30"]
[Site "San Francisco"]
[Date "2014.01.28"]
[Round "4.20"]
[White "Drane, Robert"]
[Black "Louie, Henry"]
[Result "1/2-1/2"]
[WhiteElo "1800"]
[BlackElo "1475"]
[PlyCount "76"]
[EventDate "2014.??.??"]

1. e4 e5 2. Bc4 Nf6 3. d3 Nc6 4. Nc3 a6 5. f4 d6 6. Nf3 Be7 7. O-O h6 8. a3 Bg4
9. h3 Bd7 10. b4 O-O 11. f5 Nh7 12. Nd5 Bf6 13. Be3 Ne7 14. Nxf6+ Nxf6 15. Qe1
b5 16. Bb3 Nc6 17. g4 Nh7 18. g5 Nxg5 19. Nxg5 hxg5 20. Qg3 Nd4 21. Bxd4 exd4
22. Rf2 Qf6 23. Rg2 a5 24. bxa5 Rxa5 25. Qxg5 Qxg5 26. Rxg5 b4 27. a4 Rfa8 28.
Kh2 Bxa4 29. Bxa4 Rxa4 30. Rag1 Kf8 31. Rxg7 Ke7 32. R1g6 Rf8 33. Rg2 Ra2 34.
h4 Rh8 35. Kh3 Kf6 36. R7g4 c5 37. Kg3 Raa8 38. Rf4 Ra1 1/2-1/2

[Event "Mechanics' Spring TNM; 30/90, SD/30"]
[Site "San Francisco"]
[Date "2014.04.01"]
[Round "3.18"]
[White "Drane, Robert"]
[Black "Louie, Henry"]
[Result "1-0"]
[WhiteElo "1800"]
[BlackElo "1475"]
[Annotator "Donaldson"]
[PlyCount "81"]
[EventDate "2014.??.??"]

1. e4 e5 2. Bc4 Nf6 3. d3 Nc6 4. Nc3 Be7 5. f4 d6 6. Nf3 h6 7. O-O Bg4 8. h3
Bh5 9. f5 Bxf3 10. Rxf3 Na5 11. Be3 Nxc4 12. dxc4 c6 13. b4 O-O 14. Qd2 Nh7 15.
Rd1 Qc7 16. Rg3 Kh8 17. Rf3 Rad8 18. a3 b6 19. b5 Rfe8 20. a4 Bf8 21. g4 cxb5
22. cxb5 Rc8 23. Bf2 Qc4 24. Be1 Nf6 25. Qd3 Red8 26. Bh4 Rd7 27. Bxf6 gxf6 28.
Qxc4 Rxc4 29. Rdd3 Kg7 30. Kf2 Rdc7 31. Ke1 {Diagram #} Rc8 (31... d5 $1) 32.
Kd1 Be7 (32... d5) 33. Nd5 Bd8 34. Rc3 R8c5 35. Rxc4 Rxc4 36. Rc3 Rxc3 37. Nxc3
Kf8 38. Nd5 Ke8 39. Nb4 Kd7 40. Nc6 a6 41. Nb8+ 1-0

[Event "Mechanics' Fall TNM; 30/90, SD/30"]
[Site "San Francisco"]
[Date "2014.11.18"]
[Round "4.24"]
[White "Drane, Robert"]
[Black "McKellar, Daniel"]
[Result "1/2-1/2"]
[WhiteElo "1869"]
[BlackElo "1496"]
[PlyCount "98"]
[EventDate "2014.??.??"]

1. e4 e6 2. d4 d5 3. Nc3 Nf6 4. e5 Nfd7 5. f4 c5 6. Nf3 Nc6 7. Be3 Be7 8. Qd2
f6 9. exf6 Bxf6 10. dxc5 Be7 11. Qf2 O-O 12. Bb5 a6 13. Bxc6 bxc6 14. Nd4 Ne5
15. Qe2 Ng6 16. Nxc6 Qc7 17. Nxe7+ Qxe7 18. O-O Bb7 19. Qd2 Rad8 20. Bd4 Qc7
21. g3 Ne7 22. Rae1 Qc6 23. g4 Ng6 24. Qe3 Rde8 25. Qg3 Qc7 26. f5 Qxg3+ 27.
hxg3 Ne7 28. Rxe6 Nc6 29. Rxe8 Rxe8 30. Bf2 d4 31. Nd5 Re2 32. Re1 Rxc2 33.
Ne7+ Nxe7 34. Rxe7 Rc1+ 35. Re1 Rxe1+ 36. Bxe1 Bf3 37. g5 Bg4 38. f6 gxf6 39.
gxf6 Kf7 40. Bf2 d3 41. Be1 Kxf6 42. Kf2 Ke6 43. Ke3 Kd5 44. b4 Bd7 45. Kxd3 h5
46. Kc3 a5 47. Bf2 a4 48. Kd3 Bb5+ 49. Ke3 Ke5 1/2-1/2

[Event "Mechanics' Whitehead TNM; 30/90, SD/30"]
[Site "San Francisco"]
[Date "2014.09.09"]
[Round "6.15"]
[White "Drane, Robert"]
[Black "Reyes, Robert"]
[Result "1/2-1/2"]
[WhiteElo "1869"]
[BlackElo "1655"]
[Annotator "Donaldson"]
[PlyCount "65"]
[EventDate "2014.??.??"]

1. e4 e6 2. Nf3 d5 3. Nc3 Nf6 4. e5 Nfd7 5. d4 c5 6. dxc5 Bxc5 7. Bf4 Nc6 8.
Bd3 d4 $6 (8... f6 {is the most popular and logical move here.}) (8... Qb6 $2 {
is tempting but known to be bad.} 9. O-O Qxb2 $2 10. Nb5 {
threatening Bd2-c3 trapping the queen among other things.} O-O $2 11. Bxh7+ $1
{winning.}) 9. Ne4 Qa5+ (9... Bb4+ {might be better immediately addressing the
situation precarious situation of the bishop.}) 10. Ned2 Bb4 11. Qe2 Bxd2+ 12.
Bxd2 Qc5 13. Bf4 Qb4+ (13... Qa5+) 14. Bd2 Qxb2 15. O-O {White's strong pawn
on e5 and two bishops plus the lack of a safe haven for Black's king offer the
first player excellent compensation for the sacrificed pawn.} a6 16. a3 Qb6 17.
Rfe1 Qc7 18. Rac1 Rb8 19. c3 dxc3 20. Rxc3 Nb6 21. Rec1 Nd5 22. R3c2 Bd7 23. g3
h6 24. Be4 Nde7 25. Bb4 $1 Rc8 26. Bxe7 {
this recovers the pawn but stronger was} (26. Bd6 {keeping the pressure on.})
26... Kxe7 27. Bxc6 Bxc6 28. Nd4 Qb6 29. Nxc6+ Rxc6 30. Rxc6 bxc6 31. Qc4 (31.
Qg4 g6 32. Qf3) 31... Rc8 32. Rd1 Qb5 33. Qd4 1/2-1/2

[Event "Mechanics' Spring TNM; 30/90, SD/30"]
[Site "San Francisco"]
[Date "2014.04.15"]
[Round "5.16"]
[White "Drane, Robert"]
[Black "Simpkins, Jerry"]
[Result "1-0"]
[WhiteElo "1800"]
[BlackElo "1551"]
[PlyCount "53"]
[EventDate "2014.??.??"]

1. e4 e5 2. Nc3 c6 3. Nf3 d6 4. d4 Bg4 5. Bc4 exd4 6. Qxd4 Bxf3 7. gxf3 Qf6 8.
Qd3 Nd7 9. f4 Nc5 10. Qe2 O-O-O 11. Be3 g6 12. O-O-O Bh6 13. Kb1 Ne7 14. e5
dxe5 15. fxe5 Qxe5 16. Bxh6 Rxd1+ 17. Rxd1 Qxe2 18. Bxe2 Nf5 19. Bg5 Ne6 20.
Bf6 Re8 21. Bg4 Nh6 22. Bh3 Kc7 23. Re1 Ng8 24. Bh4 f5 25. Bf1 Ng7 26. Rxe8
Nxe8 27. Bc4 1-0

[Event "Mechanics' Winter TNM; 30/90, SD/30"]
[Site "San Francisco"]
[Date "2014.02.25"]
[Round "8.18"]
[White "Drane, Robert"]
[Black "Standen, Julian"]
[Result "1-0"]
[WhiteElo "1800"]
[BlackElo "1637"]
[PlyCount "37"]
[EventDate "2014.??.??"]

1. e4 d5 2. exd5 Qxd5 3. Nc3 Qa5 4. d4 Bf5 5. Nf3 Nf6 6. Ne5 c6 7. Bc4 e6 8.
Bf4 Bb4 9. Bd2 Nd5 10. Qf3 O-O 11. Bb3 Nxc3 12. bxc3 Bd6 13. Nc4 Qc7 14. h4 Nd7
15. g4 Bxg4 16. Qxg4 Nf6 17. Qf3 e5 18. Rg1 exd4 19. Qxf6 1-0

[Event "Mechanics' Spring TNM; 30/90, SD/30"]
[Site "San Francisco"]
[Date "2014.05.06"]
[Round "8.9"]
[White "Drane, Robert"]
[Black "Todortsev, Victor"]
[Result "1-0"]
[WhiteElo "1800"]
[BlackElo "1951"]
[PlyCount "85"]
[EventDate "2014.??.??"]

1. e4 c5 2. Nf3 d6 3. Bb5+ Nc6 4. d4 cxd4 5. Qxd4 a6 6. Bxc6+ bxc6 7. c4 Nf6 8.
Bg5 e5 9. Qd3 Be7 10. Nc3 Qc7 11. Rd1 Bg4 12. Rd2 O-O 13. Bxf6 gxf6 14. Nh4 Bh5
15. Nf5 Rfd8 16. Qe3 Bf8 17. g4 Bg6 18. h4 Bxf5 19. gxf5 Kh8 20. Rg1 Qe7 21. f3
Bg7 22. Rdg2 Rg8 23. Ne2 Qa7 24. Qxa7 Rxa7 25. Nc3 Rb7 26. Kd1 Rbb8 27. Kc2 Bh6
28. Rxg8+ Rxg8 29. Rxg8+ Kxg8 30. b4 Be3 31. Kd3 Bf2 32. Ke2 Bd4 33. Kd2 h5 34.
a4 Kf8 35. a5 Bf2 36. b5 Bxh4 37. Ke2 cxb5 38. cxb5 axb5 39. a6 b4 40. Nd1 Bg3
41. a7 h4 42. a8=Q+ Kg7 43. Nf2 1-0

[Event "Mechanics' Fall TNM; 30/90, SD/30"]
[Site "San Francisco"]
[Date "2014.11.25"]
[Round "5.35"]
[White "Eastham, Asher"]
[Black "Bayaraa, Bilguun"]
[Result "1-0"]
[WhiteElo "1339"]
[BlackElo "639"]
[PlyCount "69"]
[EventDate "2014.??.??"]

1. e4 e5 2. Nf3 d6 3. Bc4 Bg4 4. h3 Bxf3 5. Qxf3 Nf6 6. Nc3 Be7 7. d3 Nc6 8.
Ne2 O-O 9. Bd2 Nd4 10. Nxd4 exd4 11. O-O-O c6 12. Bb3 d5 13. g4 Nd7 14. exd5
Rc8 15. Rde1 Bg5 16. Qe2 Bxd2+ 17. Qxd2 h6 18. f4 Re8 19. Rxe8+ Qxe8 20. Re1
Qd8 21. d6 b5 22. Re7 c5 23. Bxf7+ Kf8 24. Be6 Rc6 25. Rxd7 Qe8 26. Rf7+ Kg8
27. Re7+ Kf8 28. Rxe8+ Kxe8 29. d7+ Kd8 30. Bf5 g6 31. Qe2 gxf5 32. Qe8+ Kc7
33. d8=Q+ Kb7 34. Qed7+ Rc7 35. Qxb5# 1-0

[Event "Mechanics' Fall TNM; 30/90, SD/30"]
[Site "San Francisco"]
[Date "2014.12.09"]
[Round "7.26"]
[White "Eastham, Asher"]
[Black "Campers, Willie"]
[Result "0-1"]
[WhiteElo "1339"]
[BlackElo "1749"]
[PlyCount "88"]
[EventDate "2014.??.??"]

1. e4 e6 2. d4 d5 3. Nd2 c5 4. exd5 Qxd5 5. Ndf3 Nc6 6. c3 cxd4 7. Ne2 d3 8.
Ng3 Ne5 9. Nxe5 Qxe5+ 10. Be3 Nf6 11. Bxd3 Bd7 12. O-O Be7 13. Re1 Qc7 14. Nh5
Nxh5 15. Qxh5 g6 16. Qe2 Bd6 17. h3 a6 18. Bh6 O-O-O 19. Be3 Kb8 20. Bd4 Rhg8
21. b4 Ka8 22. a4 h5 23. a5 Rde8 24. Reb1 e5 25. Bb6 Qc8 26. b5 e4 27. Bc4 Be6
28. Bxe6 Rxe6 29. bxa6 bxa6 30. Rd1 f5 31. Rab1 Rge8 32. Qd2 Qc6 33. Qe2 Qc8
34. f3 Bc5+ 35. Kh1 Bxb6 36. axb6 Kb7 37. Qb2 exf3 38. gxf3 Qc6 39. Rd3 R8e7
40. Qb3 g5 41. Kg1 g4 42. hxg4 fxg4 43. fxg4 Re5 44. gxh5 Rg5+ 0-1

[Event "Mechanics' Fall TNM; 30/90, SD/30"]
[Site "San Francisco"]
[Date "2014.10.21"]
[Round "1.27"]
[White "Eastham, Asher"]
[Black "Royzen, Igor"]
[Result "1/2-1/2"]
[WhiteElo "1339"]
[BlackElo "1857"]
[Annotator "Donaldson"]
[PlyCount "76"]
[EventDate "2014.??.??"]

1. e4 c5 2. Nf3 g6 3. d4 cxd4 4. Nxd4 Nc6 5. c4 Nf6 6. Nc3 d6 7. f3 Nxd4 8.
Qxd4 Bg7 9. Bg5 O-O 10. Qd2 Be6 11. Be2 Qa5 12. O-O Rfc8 13. Rac1 a6 14. Nd5
Qxd2 15. Bxd2 Nxd5 16. cxd5 Bd7 17. b3 Bb2 (17... Bd4+ $1 18. Kh1 Bb2 {
puts White's king further from the center.}) 18. Rxc8+ Rxc8 19. Bc4 Bd4+ (19...
Bb5 20. Rb1 Bd4+ 21. Kh1 Bxc4 22. bxc4 b6 23. Rc1 $11) 20. Kh1 Kg7 21. Rc1 b5
22. Bd3 Rxc1+ 23. Bxc1 Kf8 (23... e6 24. dxe6 fxe6 {and}) (23... f5 {
are ways to try to unbalance the game.}) 24. g4 f6 25. Kg2 g5 26. Bd2 Bb6 27.
a3 h6 28. h3 Bc5 29. b4 Bd4 30. Bc1 Ke8 31. Be2 Kd8 32. Bd3 Kc7 33. Kf1 Kb6 34.
Ke2 Bc3 35. Kd1 Bd4 36. Kc2 Be5 37. Be3+ Kb7 38. Bc1 Kb6 1/2-1/2